000 01023nam a2200325 i 4500
001 000026250
003 DO-SdBNP
005 20251113090306.0
007 ta
008 110118s1991 dr a 001 0 spa d
040 _aDO-SdBNP
_bspa
_cBNPHU
_erda
041 _aspa
082 4 _a306.8
_bA561m, 1991
_222
100 1 _aAndrés, Mateo,
_d1946-
_eautor
_9915
245 1 0 _aMatrimonio adulto :
_bintroducción al diálogo matrimonial /
_cMateo Andrés
250 _aOctava edición
264 _aSanto Domingo :
_bEditora Amigo del Hogar,
_c1991
300 _a138 páginas :
_bilustraciones ;
_c22 cm.
336 _ardacontent
_btexto
_2txt
337 _ardamedia
_bsin mediación
_2n
338 _ardacarrier
_bvolumen
_2nc
590 _aInventariado,2025/DG
650 4 _aMatrimonio
_xAspectos morales
_943277
650 4 _aEducación para la vida familiar
_92729
650 4 _aMatrimonio
_xAspectos religiosos
_92391
650 0 _aVida cristiana
_9668
650 0 _aFamilias
_9795
910 _aDG
942 _2ddc
_cLBS1
999 _c60034
_d60034